书目信息 |
| 题名: |
大学英语全新四级模拟试题闯关指南
|
|
| 作者: | 李莉 主编 | |
| 分册: | ||
| 出版信息: | 天津 天津大学出版社 2007.09 |
|
| 页数: | 299页 | |
| 开本: | 26cm | |
| 丛书名: | ||
| 单 册: | ||
| 中图分类: | H319.6 | |
| 科图分类: | ||
| 主题词: | 英语--ying yu--高等学校--试题 | |
| 电子资源: | ||
| ISBN: | 978-7-5618-2528-0 | |
| 000 | 01064nam0 2200253 450 | |
| 001 | 012008385699 | |
| 005 | 20080107105716.00 | |
| 010 | @a978-7-5618-2528-0@dCNY35.00 (含光盘) | |
| 100 | @a20080107d2007 em y0chiy0120 ea | |
| 101 | 0 | @achi@aeng |
| 102 | @aCN@b120000 | |
| 105 | @ay z 000yy | |
| 106 | @ar | |
| 200 | 1 | @a大学英语全新四级模拟试题闯关指南@Ada xue ying yu quan xin si ji mo ni shi ti chuang guan zhi nan@d= Model tests of college English band four a new guide to tackle@f李莉主编@Fli li zhu bian@zeng |
| 210 | @a天津@c天津大学出版社@d2007.09 | |
| 215 | @a299页@d26cm@e光盘1片 | |
| 307 | @a光盘 ISBN: 978-7-900679-43-7 | |
| 330 | @a本书针对改革后的大学英语四级试卷的构成,编写了10套全真模拟试题,包括听力理解、阅读理解、完型填空、翻译和写作四部分,每套试题后给出了答案、解析及听力原文。 | |
| 510 | 1 | @aModel tests of college English band four a new guide to tackle@zeng |
| 606 | 0 | @a英语@Aying yu@x高等学校@j试题 |
| 690 | @aH319.6@v4 | |
| 701 | 0 | @a李莉@Ali li@4主编 |
| 801 | 0 | @aCN@bQSSK@c20080107 |
| 905 | @b275611-13@dH319.6@eL203@f3 | |
| 大学英语全新四级模拟试题闯关指南= Model tests of college English band four a new guide to tackle/李莉主编.-天津:天津大学出版社,2007.09 |
| 299页;26cm+光盘1片 |
| ISBN 978-7-5618-2528-0:CNY35.00 (含光盘) |
| 本书针对改革后的大学英语四级试卷的构成,编写了10套全真模拟试题,包括听力理解、阅读理解、完型填空、翻译和写作四部分,每套试题后给出了答案、解析及听力原文。 |
| ● |
| 相关链接 |
|
|
|
正题名:大学英语全新四级模拟试题闯关指南
索取号:H319.6/L203
 
预约/预借
| 序号 | 登录号 | 条形码 | 馆藏地/架位号 | 状态 | 备注 |
| 1 | 275611 | 202756115 | 语言库209/209语言库 57排4列3层/ [索取号:H319.6/L203] | 在馆 | |
| 2 | 275612 | 202756124 | 语言库209/ [索取号:H319.6/L203] | 在馆 | |
| 3 | 275613 | 202756133 | 语言库209/209语言库 57排4列3层/ [索取号:H319.6/L203] | 在馆 |